000 00483nam a2200181Ia 4500
008 230711s9999||||xx |||||||||||||| ||und||
020 _a978-81-265-2849-3
041 _aENG
082 _a677.02862
_bGO-T
100 _aGoswami, B.C
245 0 _aTextile Yarns : Technology, Structure, and Applications
250 _areprint Ed.
260 _c2011
_aNew Delhi
_bWiley India Pvt.Ltd
300 _a482p.
650 _aTextile Engineering
700 _aMartindale, J.G
942 _cBK
999 _c7014
_d7014